[Event "ENCI Limburg-open C"]
[Site "Maastricht"]
[Date "2011.06.10"]
[Round "1"]
[White "Parren, Ashley"]
[Black "Roesler, Manfred"]
[Result "0-1"]
[WhiteElo "1190"]
[BlackElo "1599"]
[PlyCount "78"]
[EventDate "2011.06.10"]
[EventType "swiss"]
[EventRounds "7"]
[EventCountry "NED"]
[Source "P.Boonen"]
[SourceDate "2012.01.01"]

1. e4 d6 2. d4 g6 3. Nc3 Bg7 4. Nf3 Nf6 5. Bd3 O-O 6. h3 Nc6 7. Bg5 a6 8. Qe2
b5 9. O-O Nd7 10. Nd5 Re8 11. a4 b4 12. Qd2 Bxd4 13. Nxd4 Nxd4 14. Nxe7+ Rxe7
15. Bxe7 Qxe7 16. Qxb4 c5 17. Qc3 Ne5 18. Rfd1 Nxd3 19. Qxd3 a5 20. c3 Ba6 21.
Qe3 Nc2 22. Qf3 Nxa1 23. Rxa1 Bb7 24. Re1 f5 25. Qe3 fxe4 26. f3 Re8 27. Kf2
Bc6 28. b3 Qh4+ 29. Kg1 exf3 30. Qxe8+ Bxe8 31. Rxe8+ Kf7 32. Re3 fxg2 33. Kxg2
Qg5+ 34. Kf2 d5 35. Rf3+ Ke6 36. Re3+ Kf5 37. Rf3+ Ke4 38. Ke2 Qg2+ 39. Rf2
Qxh3 0-1

[Event "ENCI Limburg-open C"]
[Site "Maastricht"]
[Date "2011.06.10"]
[Round "1"]
[White "Preuter, Carlos"]
[Black "Heinen, Dai"]
[Result "0-1"]
[WhiteElo "1676"]
[BlackElo "1501"]
[PlyCount "92"]
[EventDate "2011.06.10"]
[EventType "swiss"]
[EventRounds "7"]
[EventCountry "NED"]
[Source "P.Boonen"]
[SourceDate "2012.01.01"]

1. c4 e5 2. g3 Nf6 3. Bg2 c6 4. Nc3 d6 5. Nf3 Be7 6. O-O Be6 7. b3 O-O 8. Bb2
h6 9. d4 exd4 10. Nxd4 Qd7 11. Nxe6 Qxe6 12. Qc2 Na6 13. a3 Nc7 14. Rad1 d5 15.
cxd5 Ncxd5 16. e4 Nxc3 17. Qxc3 Rad8 18. f3 Kh7 19. h3 Rg8 20. Rfe1 Nh5 21. f4
Qg6 22. e5 Nxg3 23. Rxd8 Rxd8 24. Kh2 Bh4 25. Re3 Nf5 26. Be4 Qe6 27. Qc2 g6
28. Bxf5 Qxf5 29. Qe2 Qxf4+ 30. Kg2 Qg5+ 31. Kf1 Rd1+ 32. Qxd1 Qxe3 33. Bd4
Qxh3+ 34. Ke2 Qg4+ 35. Kd2 Qxd1+ 36. Kxd1 Be7 37. a4 b6 38. Ke2 g5 39. Kf3 Kg6
40. Ke4 h5 41. a5 c5 42. axb6 axb6 43. Be3 g4 44. b4 cxb4 45. Bxb6 b3 46. Bd4
Ba3 0-1

[Event "ENCI Limburg-open C"]
[Site "Maastricht"]
[Date "2011.06.10"]
[Round "1"]
[White "Quintana, Till"]
[Black "Van Velthoven, Paul"]
[Result "1/2-1/2"]
[WhiteElo "1695"]
[BlackElo "1524"]
[PlyCount "94"]
[EventDate "2011.06.10"]
[EventType "swiss"]
[EventRounds "7"]
[EventCountry "NED"]
[Source "P.Boonen"]
[SourceDate "2012.01.01"]

1. e4 e5 2. Nf3 Nc6 3. Bb5 a6 4. Ba4 Nf6 5. O-O Be7 6. Re1 b5 7. Bb3 d6 8. c3
Bg4 9. h3 Bh5 10. d3 O-O 11. Bg5 Na5 12. Bc2 c5 13. Nbd2 Qc7 14. Nf1 c4 15. d4
Nc6 16. d5 Nb8 17. Ng3 Bg6 18. Be3 Nbd7 19. Nh2 Nc5 20. Bxc5 Qxc5 21. Ng4 Nh5
22. Nxh5 Bxh5 23. Nh6+ gxh6 24. Qxh5 Bg5 25. Kf1 b4 26. Rad1 bxc3 27. bxc3 Qa5
28. h4 Be7 29. Re3 Qxa2 30. Qxh6 Kh8 31. Bb1 Qa4 32. Rde1 Rg8 33. Rf3 Rg6 34.
Qh5 Rf8 35. g3 Qd7 36. Qf5 Qe8 37. Rfe3 Rf6 38. Qh5 Rg8 39. Qe2 Bd8 40. Rf3
Rxf3 41. Qxf3 Rg6 42. Ba2 Rf6 43. Qg4 Ba5 44. Rc1 Qa4 45. Qc8+ Kg7 46. Qg4+ Rg6
47. Qe2 Qa3 1/2-1/2

[Event "ENCI Limburg-open C"]
[Site "Maastricht"]
[Date "2011.06.10"]
[Round "1"]
[White "Schleicher, Floris"]
[Black "Toniolatti, Alessio"]
[Result "1-0"]
[WhiteElo "1596"]
[BlackElo "1139"]
[PlyCount "31"]
[EventDate "2011.06.10"]
[EventType "swiss"]
[EventRounds "7"]
[EventCountry "NED"]
[Source "P.Boonen"]
[SourceDate "2012.01.01"]

1. e4 e5 2. Nf3 Nc6 3. Bc4 Bc5 4. d3 Nf6 5. c3 d5 6. exd5 Nxd5 7. Qb3 Be6 8.
Qxb7 Na5 9. Qb5+ c6 10. Qxc5 e4 11. dxe4 Nxc4 12. Qxc6+ Bd7 13. Qxd5 Rc8 14. b3
Nb6 15. Qe5+ Be6 16. Qxg7 1-0

[Event "ENCI Limburg-open C"]
[Site "Maastricht"]
[Date "2011.06.10"]
[Round "1"]
[White "Schoffelen, Jan"]
[Black "Feltman, Bart"]
[Result "0-1"]
[WhiteElo "1345"]
[BlackElo "1607"]
[PlyCount "80"]
[EventDate "2011.06.10"]
[EventType "swiss"]
[EventRounds "7"]
[EventCountry "NED"]
[Source "P.Boonen"]
[SourceDate "2012.01.01"]

1. e4 e6 2. Nf3 d5 3. e5 c5 4. Bb5+ Bd7 5. Qe2 Nc6 6. Bxc6 Bxc6 7. O-O d4 8. d3
h6 9. Bf4 g5 10. Bc1 g4 11. Ne1 h5 12. Bf4 Bh6 13. Bxh6 Nxh6 14. Nd2 Qg5 15. f4
gxf3 16. Ndxf3 Qg7 17. h3 Nf5 18. Rf2 O-O-O 19. Qd2 Ne3 20. c3 Rhg8 21. cxd4
cxd4 22. Rc1 Kb8 23. Rxc6 bxc6 24. Qb4+ Kc7 25. Qa5+ Kd7 26. Nxd4 Rc8 27. Qxa7+
Rc7 28. Qc5 Qg3 29. Rxf7+ Kc8 30. Rf8+ Rxf8 31. Qxf8+ Kb7 32. Qf2 Qxe5 33. Ndf3
Qf4 34. g3 Rg7 35. Kh2 Rxg3 36. Kh1 Rxh3+ 37. Kg1 Qg4+ 38. Ng2 Rxf3 39. Qe2
Rf1+ 40. Kh2 Qxe2 0-1

[Event "ENCI Limburg-open C"]
[Site "Maastricht"]
[Date "2011.06.10"]
[Round "1"]
[White "Snoeks, Pieter Jan"]
[Black "Roemhild, Wolfgang"]
[Result "0-1"]
[WhiteElo "1530"]
[BlackElo "1696"]
[PlyCount "80"]
[EventDate "2011.06.10"]
[EventType "swiss"]
[EventRounds "7"]
[EventCountry "NED"]
[Source "P.Boonen"]
[SourceDate "2012.01.01"]

1. d4 g6 2. c4 Bg7 3. Nc3 d6 4. e4 Nd7 5. Nf3 e5 6. Be3 Ne7 7. Be2 f5 8. Ng5
Nf8 9. dxe5 Bxe5 10. Bd4 Nc6 11. Bxe5 Nxe5 12. f4 h6 13. Qd4 hxg5 14. fxe5 Ne6
15. Qd5 Nf4 16. Qd4 Nxe2 17. Nxe2 O-O 18. O-O-O Be6 19. exd6 c6 20. exf5 gxf5
21. h4 gxh4 22. Rxh4 Qg5+ 23. Kb1 Qf6 24. Rdh1 Qxd4 25. Nxd4 Bxc4 26. Rh7 Rad8
27. d7 c5 28. Nxf5 Bd3+ 29. Kc1 Bxf5 30. Rh8+ Kg7 31. Rxf8 Rxf8 32. Rd1 Rd8 33.
Rd5 Kf6 34. Rxc5 Bxd7 35. Ra5 a6 36. Rd5 Rc8+ 37. Kd2 Bc6 38. Rd6+ Ke5 39. Rg6
Be4 40. Rg5+ Kd4 0-1

[Event "ENCI Limburg-open C"]
[Site "Maastricht"]
[Date "2011.06.10"]
[Round "1"]
[White "Tangelder, Yonne"]
[Black "Slangen Knuit, Dien"]
[Result "1-0"]
[WhiteElo "1595"]
[BlackElo "1111"]
[PlyCount "35"]
[EventDate "2011.06.10"]
[EventType "swiss"]
[EventRounds "7"]
[EventCountry "NED"]
[Source "P.Boonen"]
[SourceDate "2012.01.01"]

1. e4 e5 2. Nf3 d6 3. Bc4 h6 4. d4 exd4 5. Nxd4 Nf6 6. Nc3 Be7 7. O-O O-O 8. f4
Nbd7 9. Qe1 c5 10. Nf5 Nb6 11. Nxe7+ Qxe7 12. Nd5 Nxc4 13. Nxe7+ Kh8 14. b3 Nb6
15. e5 dxe5 16. fxe5 Nfd7 17. Qh4 Nxe5 18. Bxh6 1-0

[Event "ENCI Limburg-open C"]
[Site "Maastricht"]
[Date "2011.06.10"]
[Round "1"]
[White "Thingstad, Tormod"]
[Black "Brookes, Jean Paul"]
[Result "1/2-1/2"]
[WhiteElo "997"]
[BlackElo "1586"]
[PlyCount "56"]
[EventDate "2011.06.10"]
[EventType "swiss"]
[EventRounds "7"]
[EventCountry "NED"]
[Source "P.Boonen"]
[SourceDate "2012.01.01"]

1. c4 e6 2. Nc3 Nf6 3. g3 d5 4. cxd5 Nxd5 5. Bg2 c6 6. Nf3 Nd7 7. O-O Bd6 8.
Rb1 e5 9. a3 a5 10. d3 Qb6 11. Nxd5 cxd5 12. Bd2 Nf6 13. Be3 d4 14. Bd2 Be6 15.
b4 a4 16. Ng5 Bb3 17. Qc1 Ke7 18. Qb2 Rac8 19. Rbc1 Nd7 20. Rxc8 Rxc8 21. Rc1
Rc7 22. Rxc7 Qxc7 23. Ne4 Nb6 24. Nxd6 Kxd6 25. Qc1 Qxc1+ 26. Bxc1 Bd5 27. e4
dxe3 28. Bxe3 Bxg2 1/2-1/2

[Event "ENCI Limburg-open C"]
[Site "Maastricht"]
[Date "2011.06.10"]
[Round "1"]
[White "Uckerman, John"]
[Black "Gidding, Mark"]
[Result "1-0"]
[WhiteElo "1657"]
[BlackElo "1470"]
[PlyCount "107"]
[EventDate "2011.06.10"]
[EventType "swiss"]
[EventRounds "7"]
[EventCountry "NED"]
[Source "P.Boonen"]
[SourceDate "2012.01.01"]

1. e4 e5 2. Nf3 Nc6 3. a3 Nf6 4. Nc3 Bc5 5. Nxe5 Bxf2+ 6. Kxf2 Nxe5 7. d4 Nc6
8. d5 Ne5 9. Bf4 Ng6 10. Bg3 d6 11. Be2 Qe7 12. Re1 O-O 13. Bf3 Nd7 14. Kg1
Nde5 15. Be2 f5 16. exf5 Bxf5 17. Bf3 a6 18. Be4 Bxe4 19. Nxe4 Rf5 20. Nf2 Re8
21. Ng4 Qf7 22. Ne3 Rf6 23. Qd4 Qd7 24. Rad1 Rff8 25. c4 b6 26. b4 Qa4 27. Qc3
Nd7 28. Nc2 a5 29. Nd4 axb4 30. axb4 Nde5 31. Ne6 Rf7 32. Ra1 Qd7 33. Ra7 Rc8
34. Qc2 Re7 35. Bxe5 Nxe5 36. Qf5 Rf7 37. Qh3 Rf6 38. Qc3 Rxe6 39. dxe6 Qxe6
40. c5 bxc5 41. bxc5 Qc4 42. Qxc4+ Nxc4 43. cxd6 Nxd6 44. Re7 Nb5 45. Rb7 Nd6
46. Rbxc7 Rxc7 47. Rxc7 Kf8 48. Kf2 Ne4+ 49. Ke3 Nf6 50. Kd4 h6 51. Ke5 Ng4+
52. Kf5 Nf6 53. Kg6 Ne8 54. Rf7+ 1-0

[Event "ENCI Limburg-open C"]
[Site "Maastricht"]
[Date "2011.06.10"]
[Round "1"]
[White "Uiterwijk, Jos"]
[Black "Mossin, Ivar Alexander"]
[Result "0-1"]
[WhiteElo "1598"]
[BlackElo "1175"]
[PlyCount "56"]
[EventDate "2011.06.10"]
[EventType "swiss"]
[EventRounds "7"]
[EventCountry "NED"]
[Source "P.Boonen"]
[SourceDate "2012.01.01"]

1. e4 e6 2. d4 d5 3. Nc3 Bb4 4. e5 c5 5. a3 Bxc3+ 6. bxc3 Ne7 7. Qg4 Qc7 8. Bd3
cxd4 9. cxd4 Qc3+ 10. Ke2 Qxa1 11. Nf3 Nbc6 12. Rd1 Ng6 13. h4 h5 14. Qg5 Nce7
15. Qd2 Qb1 16. Qc3 Qb6 17. g3 Bd7 18. Bg5 Rc8 19. Qa1 Bb5 20. Rb1 Bxd3+ 21.
cxd3 Rc2+ 22. Kd1 Qc7 23. Nd2 Qc3 24. Qxc3 Rxc3 25. Rxb7 Nc8 26. Nb3 O-O 27.
Kd2 Rc6 28. Nc5 Nxe5 0-1

[Event "ENCI Limburg-open C"]
[Site "Maastricht"]
[Date "2011.06.10"]
[Round "1"]
[White "Valembois, Pierre"]
[Black "Mohr, Markus"]
[Result "0-1"]
[WhiteElo "1150"]
[BlackElo "1597"]
[PlyCount "86"]
[EventDate "2011.06.10"]
[EventType "swiss"]
[EventRounds "7"]
[EventCountry "NED"]
[Source "P.Boonen"]
[SourceDate "2012.01.01"]

1. e4 d5 2. e5 c5 3. c3 Nc6 4. d4 cxd4 5. cxd4 Qb6 6. Nf3 Bg4 7. Nc3 e6 8. Bb5
Nge7 9. O-O Bxf3 10. Qxf3 Qxd4 11. Bf4 a6 12. Be3 Qxe5 13. Bxc6+ Nxc6 14. Rfe1
Be7 15. Bc5 Qf6 16. Qe3 d4 17. Qg3 dxc3 18. b4 Bxc5 19. bxc5 O-O 20. Qc7 Qe7
21. Qb6 Nd4 22. Red1 Nb5 23. Rac1 Qc7 24. Rxc3 Qxb6 25. cxb6 Nxc3 26. Rd7 Rfd8
27. Rxd8+ Rxd8 28. g3 Nxa2 29. Kg2 Rd6 30. h4 h5 31. Kf3 Rxb6 32. g4 Rb3+ 33.
Kg2 hxg4 34. h5 Rf3 35. h6 gxh6 36. Kf1 Nc3 37. Ke1 b5 38. Kf1 b4 39. Ke1 b3
40. Kf1 b2 41. Kg2 b1=Q 42. Kh2 Rh3+ 43. Kg2 Qh1# 0-1

[Event "ENCI Limburg-open C"]
[Site "Maastricht"]
[Date "2011.06.10"]
[Round "1"]
[White "Van Ginneken, Jeroen"]
[Black "Dijkstra, Hidde"]
[Result "0-1"]
[WhiteElo "1682"]
[BlackElo "1505"]
[PlyCount "98"]
[EventDate "2011.06.10"]
[EventType "swiss"]
[EventRounds "7"]
[EventCountry "NED"]
[Source "P.Boonen"]
[SourceDate "2012.01.01"]

1. e4 c5 2. d4 cxd4 3. c3 dxc3 4. Nxc3 Nc6 5. Nf3 d6 6. Bc4 Nf6 7. e5 dxe5 8.
Qxd8+ Nxd8 9. Nxe5 e6 10. O-O Bd6 11. Bb5+ Ke7 12. Bf4 Bxe5 13. Bxe5 a6 14. Be2
Nc6 15. Bg3 Rd8 16. Bh4 h6 17. f4 b5 18. g4 Bb7 19. g5 hxg5 20. fxg5 Nd5 21.
Ne4 g6 22. Nc5 Ra7 23. Bf2 Nf4 24. Bg4 Nd4 25. Be3 Nfe2+ 26. Kf2 Bd5 27. Bxe2
Nxe2 28. Nxe6 Bxe6 29. Bxa7 Nf4 30. Be3 Nd3+ 31. Kg1 Nxb2 32. Bf4 Rd4 33. a3
Nd3 34. Bg3 Rg4 35. a4 Bc4 36. axb5 Bxb5 37. Rf3 Rxg5 38. Rd1 Rd5 39. Bh4+ g5
40. Be1 f5 41. h4 g4 42. Re3+ Kf7 43. Bc3 f4 44. Re4 g3 45. Rd4 Rxd4 46. Bxd4
Kg6 47. Kg2 Kf5 48. Kh3 Nf2+ 49. Bxf2 gxf2 0-1

[Event "ENCI Limburg-open C"]
[Site "Maastricht"]
[Date "2011.06.10"]
[Round "1"]
[White "Van Meegen, Judith"]
[Black "Liston, Mike"]
[Result "0-1"]
[WhiteElo "1484"]
[BlackElo "1667"]
[PlyCount "78"]
[EventDate "2011.06.10"]
[EventType "swiss"]
[EventRounds "7"]
[EventCountry "NED"]
[Source "P.Boonen"]
[SourceDate "2012.01.01"]

1. e4 e5 2. Nf3 Nc6 3. Nc3 Nf6 4. Bb5 d6 5. d3 Be7 6. O-O O-O 7. Be3 a6 8. Ba4
b5 9. Bb3 Na5 10. Qd2 Nxb3 11. axb3 Bg4 12. Kh1 Qd7 13. Rg1 Kh8 14. Nh4 Nxe4
15. dxe4 Bxh4 16. f3 Be6 17. f4 exf4 18. Bxf4 Bf6 19. Raf1 Qc6 20. Bh6 Bxc3 21.
bxc3 gxh6 22. Qd4+ Kg8 23. Qf6 Qxe4 24. Rf3 Qg6 25. Rg3 Bg4 26. Qh4 f5 27. h3
h5 28. hxg4 hxg4 29. Rf1 Rf7 30. Rf4 Kh8 31. c4 Rg8 32. cxb5 axb5 33. Rc3 Qg5
34. Qg3 Re8 35. Qf2 Qh6+ 36. Kg1 Re1+ 37. Qxe1 Qxf4 38. Qe8+ Kg7 39. Qxb5 Qd4+
0-1

[Event "ENCI Limburg-open C"]
[Site "Maastricht"]
[Date "2011.06.10"]
[Round "1"]
[White "Veelenturf, Wim"]
[Black "Geene, Patrick"]
[Result "1-0"]
[WhiteElo "1697"]
[BlackElo "1531"]
[PlyCount "130"]
[EventDate "2011.06.10"]
[EventType "swiss"]
[EventRounds "7"]
[EventCountry "NED"]
[Source "P.Boonen"]
[SourceDate "2012.01.01"]

1. e4 e5 2. f4 Bc5 3. Nf3 d6 4. c3 Nf6 5. h3 Bd7 6. d3 Nc6 7. g4 h6 8. Qe2 Qe7
9. Be3 Bxe3 10. Qxe3 exf4 11. Qxf4 Ne5 12. Nxe5 Qxe5 13. Qxe5+ dxe5 14. Nd2
O-O-O 15. O-O-O Rhe8 16. Nf3 Bc6 17. Rh2 Nd7 18. Rf2 f6 19. Nh4 Nc5 20. Nf5 Rd7
21. Kc2 Red8 22. Rfd2 a5 23. b3 a4 24. Ne3 b5 25. Be2 Kb7 26. Bf3 axb3+ 27.
axb3 Ra8 28. Nd5 Ra2+ 29. Kb1 Ra3 30. Ra2 Rxb3+ 31. Kc2 Bxd5 32. exd5 Rd6 33.
Rda1 b4 34. Ra7+ Kc8 35. cxb4 Rxb4 36. Ra8+ Rb8 37. R1a5 Nb3 38. Rxb8+ Kxb8 39.
Rb5+ Kc8 40. Rxb3 Ra6 41. Be4 Ra2+ 42. Rb2 Ra6 43. Bf5+ Kd8 44. Rb8+ Ke7 45.
Be6 Ra2+ 46. Kc3 Rh2 47. Rg8 g5 48. Rg7+ Kd6 49. Rd7+ Kc5 50. Rxc7+ Kd6 51. Rf7
Rxh3 52. Rxf6 e4 53. Bf5+ Ke5 54. Re6+ Kxd5 55. Rxe4 Rh1 56. Re8 Rc1+ 57. Kd2
Ra1 58. Rh8 Ra2+ 59. Ke3 Rh2 60. Be4+ Kd6 61. Kd4 Rh4 62. Bf5 Rh2 63. Rh7 Kc6
64. Ke5 Re2+ 65. Be4+ Kc5 1-0

[Event "ENCI Limburg-open C"]
[Site "Maastricht"]
[Date "2011.06.10"]
[Round "1"]
[White "Wagemakers, Rick"]
[Black "Vossen, Patrick"]
[Result "1/2-1/2"]
[WhiteElo "1606"]
[BlackElo "1310"]
[PlyCount "43"]
[EventDate "2011.06.10"]
[EventType "swiss"]
[EventRounds "7"]
[EventCountry "NED"]
[Source "P.Boonen"]
[SourceDate "2012.01.01"]

1. d4 d5 2. b3 Nf6 3. Bb2 e6 4. Nf3 Nbd7 5. g3 b6 6. Bg2 Bb7 7. O-O Be7 8. c4
O-O 9. Nc3 c5 10. e3 h6 11. Rc1 dxc4 12. bxc4 Ne4 13. Qc2 Nxc3 14. Bxc3 Qc7 15.
Qb2 Bf6 16. Rfd1 Rfd8 17. Qb3 Rab8 18. a4 Ba8 19. Qa2 a5 20. h4 Bb7 21. Ba1 Ba8
22. Qe2 1/2-1/2

[Event "ENCI Limburg-open C"]
[Site "Maastricht"]
[Date "2011.06.10"]
[Round "1"]
[White "Welling, Sophie"]
[Black "Smet, Louis"]
[Result "1-0"]
[WhiteElo "1567"]
[BlackElo "900"]
[PlyCount "57"]
[EventDate "2011.06.10"]
[EventType "swiss"]
[EventRounds "7"]
[EventCountry "NED"]
[Source "P.Boonen"]
[SourceDate "2012.01.01"]

1. d4 d5 2. c4 c6 3. e3 Nf6 4. Nc3 Bf5 5. cxd5 Nxd5 6. Nge2 Nb4 7. e4 Bg6 8. a3
N4a6 9. Be3 Nd7 10. Ng3 Nb6 11. Bd3 Qd7 12. Qc2 e6 13. O-O Be7 14. Rad1 O-O 15.
f4 Bh4 16. Nce2 Rac8 17. f5 c5 18. Bxa6 cxd4 19. Qb1 bxa6 20. fxg6 Nc4 21.
gxh7+ Kh8 22. Bxd4 Bxg3 23. Bxg7+ Kxg7 24. Rxd7 Rfd8 25. Rdxf7+ Kh8 26. Nxg3
Nd2 27. Qe1 Nxf1 28. Qxf1 a5 29. Qf6# 1-0

[Event "ENCI Limburg-open C"]
[Site "Maastricht"]
[Date "2011.06.11"]
[Round "2"]
[White "Bauchmueller, Franz Josef"]
[Black "Hendrikse, Arnoud"]
[Result "0-1"]
[WhiteElo "1587"]
[BlackElo "1707"]
[PlyCount "82"]
[EventDate "2011.06.10"]
[EventType "swiss"]
[EventRounds "7"]
[EventCountry "NED"]
[Source "P.Boonen"]
[SourceDate "2012.01.01"]

1. e4 d6 2. d4 Nf6 3. Bd3 g6 4. f4 c5 5. c3 cxd4 6. cxd4 Qb6 7. Qc2 Nc6 8. Be3
Ng4 9. Bc1 Nxd4 10. Qd2 e5 11. Nc3 Be6 12. h3 Nf6 13. g4 Bd7 14. f5 Nb5 15.
Bxb5 Bxb5 16. g5 Nh5 17. Nd5 Qc6 18. f6 Ng3 19. Qg2 Nxh1 20. Qxh1 h6 21. Be3
Qd7 22. Rc1 Rc8 23. Rxc8+ Qxc8 24. Qg2 hxg5 25. Bxg5 Bc6 26. Qc2 Qd8 27. h4
Bxd5 28. exd5 Qd7 29. Qb3 Bh6 30. Qe3 Bxg5 31. hxg5 Qc7 32. Kd1 Qc5 33. Qxc5
dxc5 34. Nf3 Rh5 35. Ke2 e4 36. Nd2 Rxg5 37. Nxe4 Rxd5 38. Ke3 Kd7 39. Kf4 Rd4
40. Ke5 Rxe4+ 41. Kxe4 Ke6 0-1

[Event "ENCI Limburg-open C"]
[Site "Maastricht"]
[Date "2011.06.11"]
[Round "2"]
[White "Beukema, Christiaan"]
[Black "Quintana, Till"]
[Result "0-1"]
[WhiteElo "1071"]
[BlackElo "1695"]
[PlyCount "74"]
[EventDate "2011.06.10"]
[EventType "swiss"]
[EventRounds "7"]
[EventCountry "NED"]
[Source "P.Boonen"]
[SourceDate "2012.01.01"]

1. e4 e5 2. Nf3 Nc6 3. Bc4 Bc5 4. O-O Nf6 5. d3 h6 6. Be3 Bb6 7. Nc3 d6 8. Qd2
Bg4 9. Nh4 Nxe4 10. dxe4 Qxh4 11. h3 Be6 12. Bb3 O-O 13. Rad1 Nd4 14. Bxd4 Bxd4
15. Nb5 Bb6 16. Nc3 Bxb3 17. axb3 Kh8 18. Ne2 Qxe4 19. Ng3 Qg6 20. Qd5 Qxg3 21.
Qxb7 Qg6 22. Qc6 Rab8 23. Qc3 Rfc8 24. Rd3 Bd4 25. Qd2 Qg5 26. Qd1 f5 27. Re1
f4 28. Rf1 Rf8 29. Re1 Rf6 30. Rf1 Rbf8 31. Re1 f3 32. g4 Qh4 33. Rf1 Qxh3 34.
Rxf3 Qxg4+ 35. Rg3 Qxg3+ 36. Kh1 Qh3+ 37. Kg1 Rg6+ 0-1

[Event "ENCI Limburg-open C"]
[Site "Maastricht"]
[Date "2011.06.11"]
[Round "2"]
[White "Boer, Jan"]
[Black "Tangelder, Yonne"]
[Result "0-1"]
[WhiteElo "1729"]
[BlackElo "1595"]
[PlyCount "84"]
[EventDate "2011.06.10"]
[EventType "swiss"]
[EventRounds "7"]
[EventCountry "NED"]
[Source "P.Boonen"]
[SourceDate "2012.01.01"]

1. d4 Nf6 2. c4 g6 3. Nc3 d5 4. Bf4 Bg7 5. Be5 dxc4 6. e4 Nc6 7. Nf3 Bg4 8.
Bxc4 O-O 9. Be2 Nxe5 10. Nxe5 Bxe2 11. Kxe2 Nd7 12. Nf3 c5 13. d5 Qb6 14. Qc2
f5 15. Ng5 Bh6 16. Ne6 Rf7 17. Rhe1 fxe4 18. Nxe4 Qb5+ 19. Kd1 Rc8 20. d6 c4
21. dxe7 Qd5+ 22. Nd2 Rxe7 23. Qc3 Rxe6 24. Rxe6 Qxe6 25. Nf3 Re8 26. Nd4 Qd5
27. Kc2 Bg7 28. Rd1 Qe4+ 29. Kc1 Bh6+ 30. Rd2 Bxd2+ 31. Qxd2 Qe1+ 32. Kc2 Qxd2+
33. Kxd2 a6 34. a4 Nc5 35. Kc3 Nxa4+ 36. Kxc4 Nxb2+ 37. Kb3 Re4 38. Nc2 Nd1 39.
f3 Re2 40. g4 Rxh2 41. Nd4 Rb2+ 42. Ka3 Rd2 0-1

[Event "ENCI Limburg-open C"]
[Site "Maastricht"]
[Date "2011.06.11"]
[Round "2"]
[White "Bratuszewski, Jorden"]
[Black "Wagemakers, Rick"]
[Result "1/2-1/2"]
[WhiteElo "1198"]
[BlackElo "1606"]
[PlyCount "39"]
[EventDate "2011.06.10"]
[EventType "swiss"]
[EventRounds "7"]
[EventCountry "NED"]
[Source "P.Boonen"]
[SourceDate "2012.01.01"]

1. d4 Nf6 2. Nf3 d5 3. Bf4 Bf5 4. e3 e6 5. c4 c6 6. Nbd2 Bd6 7. Bxd6 Qxd6 8. c5
Qc7 9. Be2 h6 10. O-O O-O 11. Ne5 Nbd7 12. Ndf3 Rad8 13. Qb3 Nxe5 14. Nxe5 Nd7
15. Nxd7 Rxd7 16. Bd3 Bxd3 17. Qxd3 e5 18. dxe5 Qxe5 19. Rab1 Rfd8 20. Qd4
1/2-1/2

[Event "ENCI Limburg-open C"]
[Site "Maastricht"]
[Date "2011.06.11"]
[Round "2"]
[White "Brookes, Jean Paul"]
[Black "Buis, Jan"]
[Result "1/2-1/2"]
[WhiteElo "1586"]
[BlackElo "1509"]
[PlyCount "45"]
[EventDate "2011.06.10"]
[EventType "swiss"]
[EventRounds "7"]
[EventCountry "NED"]
[Source "P.Boonen"]
[SourceDate "2012.01.01"]

1. e4 c6 2. f4 d5 3. e5 Bf5 4. d4 e6 5. Nd2 h6 6. c3 Nd7 7. Qb3 Qb6 8. Ngf3
Qxb3 9. Nxb3 Be7 10. Be2 a5 11. a4 Bd8 12. Bd2 Ne7 13. O-O O-O 14. Rfc1 Bg4 15.
h3 Bxf3 16. Bxf3 Bb6 17. Be2 Rfd8 18. Be3 Kf8 19. Bd3 Kg8 20. g4 f5 21. c4 dxc4
22. Bxc4 Nf8 23. Rd1 1/2-1/2

[Event "ENCI Limburg-open C"]
[Site "Maastricht"]
[Date "2011.06.11"]
[Round "2"]
[White "Daemen, Jules"]
[Black "Mathee, Jochen"]
[Result "1-0"]
[WhiteElo "1629"]
[BlackElo "1650"]
[PlyCount "55"]
[EventDate "2011.06.10"]
[EventType "swiss"]
[EventRounds "7"]
[EventCountry "NED"]
[Source "P.Boonen"]
[SourceDate "2012.01.01"]

1. Nf3 c5 2. g3 Nc6 3. Bg2 Nf6 4. d3 d5 5. O-O e5 6. Nbd2 Bd6 7. c4 d4 8. Ng5
h6 9. Nge4 Nxe4 10. Nxe4 Be7 11. f4 f5 12. Nf2 Be6 13. e4 O-O 14. Re1 fxe4 15.
Bxe4 exf4 16. Bxf4 Bf5 17. Bd5+ Kh8 18. Qe2 Bf6 19. Qh5 Bh7 20. a3 Qb6 21. Ne4
Qd8 22. Nxc5 Qb6 23. Nd7 Qb3 24. Nxf8 Rxf8 25. Re8 Be7 26. Qf7 Bxd3 27. Rxf8+
Bxf8 28. Qg8# 1-0

[Event "ENCI Limburg-open C"]
[Site "Maastricht"]
[Date "2011.06.11"]
[Round "2"]
[White "De Coninck, Erik"]
[Black "Lennartz, Ludwig"]
[Result "0-1"]
[WhiteElo "1154"]
[BlackElo "1626"]
[PlyCount "64"]
[EventDate "2011.06.10"]
[EventType "swiss"]
[EventRounds "7"]
[EventCountry "NED"]
[Source "P.Boonen"]
[SourceDate "2012.01.01"]

1. d4 Nf6 2. Bf4 g6 3. e3 Bg7 4. Bd3 d6 5. Nf3 O-O 6. O-O c5 7. c3 Nc6 8. Nbd2
cxd4 9. exd4 Nh5 10. Bg3 Nxg3 11. hxg3 e5 12. dxe5 dxe5 13. Nc4 f5 14. Be2 Qc7
15. Qd6 Qxd6 16. Nxd6 Rd8 17. Bc4+ Kf8 18. Nf7 Rd7 19. N7g5 Bh6 20. Rad1 e4 21.
Rxd7 Bxd7 22. Nxh7+ Kg7 23. Nfg5 Ne5 24. Bd5 Bc6 25. Bb3 Nd3 26. Bc2 Nxb2 27.
Rb1 Nc4 28. Ba4 Bxa4 29. Rxb7+ Kh8 30. Rb4 Nb6 31. c4 Rc8 32. f4 Rxc4 0-1

[Event "ENCI Limburg-open C"]
[Site "Maastricht"]
[Date "2011.06.11"]
[Round "2"]
[White "De Lange, Marieke"]
[Black "Mollema, Henk"]
[Result "0-1"]
[WhiteElo "1254"]
[BlackElo "1397"]
[PlyCount "46"]
[EventDate "2011.06.10"]
[EventType "swiss"]
[EventRounds "7"]
[EventCountry "NED"]
[Source "P.Boonen"]
[SourceDate "2012.01.01"]

1. e4 e5 2. Bc4 Nf6 3. d4 exd4 4. Nf3 Be7 5. O-O Nc6 6. Re1 O-O 7. c3 d5 8.
exd5 Nxd5 9. Nxd4 Na5 10. Bxd5 Qxd5 11. Rxe7 c5 12. b4 Nc6 13. bxc5 Nxe7 14.
Ba3 Nc6 15. Qa4 Rd8 16. Bb2 Qxc5 17. Na3 Bd7 18. Rd1 Nxd4 19. Qxd4 Qxd4 20.
Rxd4 Be6 21. c4 Rxd4 22. Bxd4 Rd8 23. Nc2 Bf5 0-1

[Event "ENCI Limburg-open C"]
[Site "Maastricht"]
[Date "2011.06.11"]
[Round "2"]
[White "De Ridder, Gertie"]
[Black "Wuijts, Johan"]
[Result "0-1"]
[WhiteElo "1020"]
[BlackElo "1693"]
[PlyCount "70"]
[EventDate "2011.06.10"]
[EventType "swiss"]
[EventRounds "7"]
[EventCountry "NED"]
[Source "P.Boonen"]
[SourceDate "2012.01.01"]

1. e4 e6 2. d4 d5 3. e5 c5 4. c3 Nc6 5. Be3 Qb6 6. b3 cxd4 7. cxd4 Bb4+ 8. Nd2
Bc3 9. Rc1 Bb2 10. Rb1 Bxd4 11. Bxd4 Qxd4 12. Ngf3 Qb6 13. Be2 Nge7 14. Bd3 Nb4
15. Qe2 Nxa2 16. Bb5+ Nc6 17. Bxc6+ bxc6 18. Rb2 Nb4 19. O-O Ba6 20. Qd1 O-O
21. Ng5 Bxf1 22. Nxf1 h6 23. Nf3 a5 24. Rb1 c5 25. N1d2 Rac8 26. Qe2 Qa6 27.
Qxa6 Nxa6 28. Ne1 Nb4 29. Ra1 c4 30. bxc4 dxc4 31. Rxa5 c3 32. Nb3 c2 33. Nc1
Rfd8 34. Ra1 Rd1 35. Kf1 Rcd8 0-1